Catholic University of Zimbabwe Library
Online Public Access Catalogue
(OPAC)

An introduction to algorithmic finance, algorithmic trading and blockchain / (Record no. 29403)

MARC details
000 -LEADER
fixed length control field 01350nam a2200397Ii 4500
001 - CONTROL NUMBER
control field 9781789738957
003 - CONTROL NUMBER IDENTIFIER
control field UtOrBLW
005 - DATE AND TIME OF LATEST TRANSACTION
control field 20210303084734.0
006 - FIXED-LENGTH DATA ELEMENTS--ADDITIONAL MATERIAL CHARACTERISTICS
fixed length control field m o d
007 - PHYSICAL DESCRIPTION FIXED FIELD--GENERAL INFORMATION
fixed length control field cr un|||||||||
008 - FIXED-LENGTH DATA ELEMENTS--GENERAL INFORMATION
fixed length control field 200817s2020 enk ob 001 0 eng d
020 ## - INTERNATIONAL STANDARD BOOK NUMBER
International Standard Book Number 9781789738957
040 ## - CATALOGING SOURCE
Original cataloging agency UtOrBLW
Language of cataloging eng
Description conventions rda
Transcribing agency UtOrBLW
050 #4 - LIBRARY OF CONGRESS CALL NUMBER
Classification number HG176.7
Item number .C43 2020
072 #7 - SUBJECT CATEGORY CODE
Subject category code BUS027000
Source bisacsh
072 #7 - SUBJECT CATEGORY CODE
Subject category code KFFH
Source bicssc
080 ## - UNIVERSAL DECIMAL CLASSIFICATION NUMBER
Universal Decimal Classification number 658.1
082 04 - DEWEY DECIMAL CLASSIFICATION NUMBER
Classification number 330
Edition number 23
100 1# - MAIN ENTRY--PERSONAL NAME
Personal name Chakravarty, Satya R.,
Relator term author.
245 13 - TITLE STATEMENT
Title An introduction to algorithmic finance, algorithmic trading and blockchain /
Statement of responsibility, etc. authored by Satya R. Chakravarty (Indian Statistical Institute, India), Palash Sarkar.
264 #1 - PRODUCTION, PUBLICATION, DISTRIBUTION, MANUFACTURE, AND COPYRIGHT NOTICE
Name of producer, publisher, distributor, manufacturer Emerald Publishing Limited,
300 ## - PHYSICAL DESCRIPTION
Extent 1 online resource (208 pages) ;
Dimensions cm
500 ## - GENERAL NOTE
General note Includes index.
504 ## - BIBLIOGRAPHY, ETC. NOTE
Bibliography, etc. note Includes bibliographical references.
588 0# - SOURCE OF DESCRIPTION NOTE
Source of description note Print version record.
650 #0 - SUBJECT ADDED ENTRY--TOPICAL TERM
Topical term or geographic name entry element Financial engineering.
650 #7 - SUBJECT ADDED ENTRY--TOPICAL TERM
Topical term or geographic name entry element Business & Economics
General subdivision Finance
-- General.
Source of heading or term bisacsh
650 #7 - SUBJECT ADDED ENTRY--TOPICAL TERM
Topical term or geographic name entry element Corporate finance.
Source of heading or term bicssc
700 1# - ADDED ENTRY--PERSONAL NAME
Personal name Sarkar, Palash,
Relator term author.
776 ## - ADDITIONAL PHYSICAL FORM ENTRY
International Standard Book Number 9781789738940
856 40 - ELECTRONIC LOCATION AND ACCESS
Uniform Resource Identifier <a href="https://doi.org/10.1108/9781789738933">https://doi.org/10.1108/9781789738933</a>
Holdings
Withdrawn status Lost status Source of classification or shelving scheme Damaged status Not for loan Home library Current library Shelving location Date acquired Total Checkouts Full call number Date last seen Uniform Resource Identifier Price effective from Koha item type
          Digital Library Digital Library Online Access 03.03.2021   HG176.7 .C43 2020 03.03.2021 https://doi.org/10.1108/9781789738933 03.03.2021 eBook

OPENING HOURS

Weekdays: 0815hrs - 1800hrs
Weekends:0900hrs - 1200hrs

Closed for Mass:

Mon, Thur: 1200hrs - 1300hrs
Sunday & Public Holiday’s

CALL SUPPORT

0242-570570, 0242-570169
09200664, +263 8644140602

LOCATION

18443, Cranborne Avenue, Hatfield, Harare

Other Links


©2021 | CUZ Library